000 01459nam a2200421 a 4500
999 _c23260
_d23260
001 vtls008951029
005 20220615113306.0
008 160610s2007 xo dl d p 000 0 slo
020 _a9788080781385
_q(brož.)
035 _a4D3BB2BE-C380-406A-A0ED-1196B14A0334
035 _aurn:nbn:sk:snk-aml4fv
035 _aurn:nbn:sk:snk-am008wpg
040 _aSVKPO
_bslo
_cSVKPO
_dSNK
_eAACR2
041 0 _aslo
044 _axo
_cSK
072 7 _a658
_xRiadenie a správa podniku
_2konspekt
080 _a658
_22001
080 _a(075.8)
_22001
080 _a(076.5)
_22001
100 1 _aMajdúchová, Helena,
_d1963-
_4aut
_93132
245 1 0 _aPodnikové hospodárstvo
_bpraktické príklady a prípadové štúdie
_cHelena Majdúchová a kolektív
250 _a1. vyd.
260 _aBratislava
_bIura edition
_c2007
300 _a226 s.
_bgrafy, tab.
_c21 cm
490 1 _aEkonómia
_v203
500 _aCelkovo 3. preprac. a dopl. vyd.
650 0 7 _apodniková ekonomika
_2SNKPH
_93133
655 7 _aučebnice vysokých škôl
_2SNKPH
_93091
655 7 _apraktické cvičenia
_2SNKPH
_93123
700 1 _aNeumannová, Anna,
_d1960-
_4aut
_93134
700 1 _aGrančičová, Katarína,
_d1967-
_4aut
_93135
700 1 _aRybárová, Daniela,
_d1967-
_4aut
_93136
700 1 _aSerina, Pavol
_4aut
_93137
700 1 _aKováčová, Eva
_4aut
_93138
700 1 _aJakubec, Miroslav
_4aut
_93139
700 1 _aKardoš, Peter,
_d1978-
_4aut
_93140
958 _aNB